000 00879nam a2200253Ia 4500
003 OSt
005 20221005112304.0
006 a|||||r|||| 00| 0
007 ta
008 221004b |||||||| |||| 00| 0 pan d
020 _a9788178562773 (hbk)
_c150
024 _a3888
037 _b749, 12/03/2013, Bright Book Service
_cTextual
040 _aCRL
_cCRL
_bpan
041 _2pan
_apan
082 _aO153,3x, Q0
100 _aਅਮਰਜੀਤ ਕੌਰ
245 0 _aਨਾਨੀ ਮਾਂ ਦੀਆਂ ਬਾਤਾਂ
260 _aਅੰਮ੍ਰਿਤਸਰ
_bਵਾਰਿਸ Fਾਹ ਖ਼ਾਉ੍ਵਡੇFਨ ਭਾਰਤ
_c2010
300 _a112ਪੰ
_ccm.
650 _aਪੰਜਾਬੀ ਸਾਹਿਤ
942 _hO153,3x, Q0
_cTEXL
_2cc
999 _c1024432
_d1024432